Antony and Cleopatra (Notes)
Збережено в:
| Автор: | |
|---|---|
| Формат: | Книга |
| Мова: | Undetermined |
| Опубліковано: |
Toronto, Canadá
Coles
1909
|
| Предмети: | |
| Теги: |
Додати тег
Немає тегів, Будьте першим, хто поставить тег для цього запису!
|
MARC
| LEADER | 00000nam a2200000Ia 4500 | ||
|---|---|---|---|
| 008 | 170316s9999 xx 000 0 und d | ||
| 999 | |c 22503 |d 22503 | ||
| 040 | |a cru BVZT | ||
| 090 | |a 820 S-5an | ||
| 100 | |a Shakespeare, William | ||
| 245 | |a Antony and Cleopatra (Notes) | ||
| 260 | |a Toronto, Canadá | ||
| 260 | |b Coles | ||
| 260 | |c 1909 | ||
| 300 | |a 86 páginas | ||
| 650 | |a LITERATURA INGLESA |9 12 | ||
| 942 | |c 15 D |h 820 S-5an |2 z | ||
